Science Quiz

Random Science or Biology Quiz

Criteria Quiz: Zoology/Animals Stats

 Plays Quiz not verified by Sporcle

Support Sporcle.
Go Orange.
Score 0/12 Timer 07:00
14 Plays Today
% Correct
???
100%
???
91.4%
???
80.6%
???
76.1%
???
70.3%
???
58.6%
???
34.9%
???
34.8%
???
34.3%
???
32.3%
???
30.7%
???
30.7%

You're not logged in!

Compare scores with friends on all Sporcle quizzes.
OR
Log In

From the Vault

Click a Movie, Initially - Best Supp. Actress Winners

by B_Awesome_87

And after that initial click, you'll click on a few others.
Remove Ads.
Support Sporcle.
Get the best of Sporcle when you Go Orange. This ad-free experience offers more features, more stats, and more fun while also helping to support Sporcle. Thank you for becoming a member.

Show Comments

Extras

Top Quizzes Today


Score Distribution

Your Account Isn't Verified!

In order to create a playlist on Sporcle, you need to verify the email address you used during registration. Go to your Sporcle Settings to finish the process.

Report this User

Report this user for behavior that violates our Community Guidelines.

Details: